|
|
|
|
| LEADER |
01795nam a2200493 a 4500 |
| 001 |
nkc20071758376 |
| 003 |
CZ PrNK |
| 005 |
20210920094209.0 |
| 007 |
ta |
| 008 |
071011s2007 xr g 000 f cze |
| 015 |
|
|
|a cnb001758376
|
| 020 |
|
|
|a 978-80-206-0848-2
|q (váz.)
|z 80-206-0848-6
|
| 035 |
|
|
|a (OCoLC)236551767
|
| 040 |
|
|
|a BOA001
|b cze
|
| 041 |
1 |
|
|a cze
|h eng
|
| 043 |
|
|
|a pokb---
|
| 045 |
|
|
|a x3x4
|
| 072 |
|
7 |
|a 821.111-3
|x Anglická próza, anglicky psaná
|2 Konspekt
|9 25
|
| 080 |
|
|
|a 821.111(94)-31
|2 MRF
|
| 080 |
|
|
|a 94(100)"1939/1945"
|2 MRF
|
| 080 |
|
|
|a (968.2)
|2 MRF
|
| 080 |
|
|
|a (0:82-311.6)
|2 MRF
|
| 100 |
1 |
|
|a Lambert, Eric,
|d 1921-1966
|7 jn20001103724
|4 aut
|
| 245 |
1 |
0 |
|a Ostrov Fulakona /
|c Eric Lambert ; [z anglického originálu ... přeložil Vladimír Vařecha]
|
| 260 |
|
|
|a Praha :
|b Naše vojsko,
|c 2007
|
| 300 |
|
|
|a 227 s. ;
|c 22 cm
|
| 490 |
1 |
|
|a Historie a vojenství
|
| 648 |
|
7 |
|a 1939-1945
|7 ch460653
|2 czenas
|
| 650 |
0 |
7 |
|a druhá světová válka (1939-1945)
|7 ph117270
|z Kiribati
|2 czenas
|
| 650 |
0 |
9 |
|a World War (1939-1945)
|z Kiribati
|2 eczenas
|
| 651 |
|
7 |
|a Gilbertovy ostrovy (Kiribati)
|7 ge1063734
|2 czenas
|
| 651 |
|
9 |
|a Gilbert Islands (Kiribati)
|2 eczenas
|
| 655 |
|
7 |
|a australské romány
|7 fd131842
|2 czenas
|
| 655 |
|
7 |
|a válečné romány
|7 fd133831
|2 czenas
|
| 655 |
|
9 |
|a Australian fiction
|2 eczenas
|
| 655 |
|
9 |
|a war novels
|2 eczenas
|
| 765 |
0 |
|
|t Hiroshima reef
|9 Česky
|
| 830 |
|
0 |
|a Historie a vojenství
|0 s
|
| 856 |
4 |
1 |
|u http://www.digitalniknihovna.cz/mzk/uuid/uuid:e42abf70-8371-11e8-9690-005056827e51
|y Digitalizovaný dokument
|x NDK
|
| 910 |
2 |
|
|a BOA001
|b 2-1193.140
|
| 990 |
|
|
|a BK
|
| 995 |
|
|
|a 01
|
| 991 |
|
|
|b 200710
|
| 996 |
6 |
|
|b 2610322963
|c 2-1193.140
|l MZK
|r Sklad / do 1 hodiny
|n 1
|p p.v.
|w 000870101
|u 000010
|a 1
|e BOA001
|j MZK50
|s P
|